|
|
|
|
| LEADER |
00000nkm a2200000 a 4500 |
| 001 |
vtls011778222 |
| 003 |
SK-MaSNL |
| 005 |
20260331211100.0 |
| 007 |
kf co |
| 008 |
230718s1977 xo g kuslo |
| 015 |
|
|
|a SNBG1977
|
| 035 |
|
|
|a urn:nbn:sk:snk-km00dq1s
|
| 035 |
|
|
|a urn:nbn:sk:snk-km3lxbi
|
| 035 |
|
|
|a DD9A7F1C-2D4B-4DCA-92F2-C7AAFF55F1EB
|
| 040 |
|
|
|a SNK
|b slo
|c SNK
|e AACR2
|
| 041 |
0 |
|
|a slo
|
| 043 |
|
|
|a e-xo---
|
| 044 |
|
|
|a xo
|c SK
|
| 072 |
|
7 |
|a 913
|x Regionálna geografia
|2 konspekt
|
| 080 |
|
|
|a 913(437.6)
|2 2011
|
| 080 |
|
|
|a 614.214
|2 2011
|
| 080 |
|
|
|a (084.121)
|2 2011
|
| 080 |
|
|
|a 711.455:615.838
|2 2011
|
| 080 |
|
|
|a 582
|2 2011
|
| 080 |
|
|
|a 725.1:613.47-026.912
|2 2011
|
| 100 |
1 |
|
|a Jurisa, Eugen,
|d 1908-1994
|4 pht
|9 7598
|
| 245 |
1 |
0 |
|a Piešťany
|h grafika
|b Liečebný dom Balnea Grand : Napoleonské kúpele : Lekno v termálnom jazierku na Kúpeľnom ostrove : Kúpalisko Eva
|c foto: E. Jurisa, M. Šmátrala, I. Ondrejkovič
|
| 260 |
|
|
|a Bratislava
|b ČSTK-Pressfoto
|c 1977
|e Skalica
|f Grafobal
|
| 300 |
|
|
|a 1 pohľadnica (4 čiastkové pohľady)
|b farebná
|c 11 x 15 cm
|
| 500 |
|
|
|a Názvové údaje prevzaté z obrazovej časti pohľadnice
|
| 520 |
8 |
|
|a Zobrazenie: Štyri čiastkové pohľady, každý v tenkom bielom orámovaní, spolu na modrom podklade. Pohľad na liečebný dom Balnea Grand zdola, v popredí veľká palma a kvety. Pohľad na Napoleonské kúpele, v popredí záhon kvetov a za nimi zaparkované autá. Pohľad na lekno v jazierku. Pohľad na ľudí v bazéne a okolo neho na kúpalisku Eva
|
| 650 |
0 |
7 |
|a zotavovne
|2 SNKPH
|9 161874
|
| 650 |
0 |
7 |
|a kúpele
|2 SNKPH
|9 1139
|
| 650 |
0 |
7 |
|a rastliny
|2 SNKPH
|9 690
|
| 650 |
0 |
7 |
|a kúpaliská
|2 SNKPH
|9 4394
|
| 651 |
|
7 |
|a Piešťany (Slovensko)
|2 SNKPHgeo
|9 23981
|
| 655 |
|
7 |
|a miestne pohľadnice
|2 SNKPH
|9 70510
|
| 700 |
1 |
|
|a Šmátrala, Milan
|c (fotograf)
|4 pht
|9 164919
|
| 700 |
1 |
|
|a Ondrejkovič, Ivan,
|d 1935-1998
|4 pht
|9 7599
|
| 852 |
|
|
|a Slovenská národná knižnica
|
| 954 |
|
|
|a pohľadnice pôvodné (slovenské)
|2 lita
|
| 958 |
|
|
|a GBN
|
| 958 |
|
|
|a GC
|
| 958 |
|
|
|a OND
|
| 958 |
|
|
|a EUIPO
|
| 999 |
|
|
|c 1028849
|d 1030779
|
| 952 |
|
|
|a SNK
|b SNK
|y PREZ
|7 0
|p 17A1297872
|o snkSP 104018
|z Pohľadnica prešla poštou.
|0 0
|1 0
|4 0
|d 2018-09-11
|f 1
|l 0
|r 2026-02-24 13:47:03
|w 2026-02-24
|